000 00965nam a2200289 i 4500
001 020216892
003 EG-ScBUE
005 20230514103440.0
008 210401s2021 enka f 001 0 eng d
020 _a9780241483855 (hbk.) :
040 _aStDuBDS
_beng
_erda
_cStDuBDS
_dUk
_dEG-ScBUE
082 0 4 _a702.8
_222
_bART
245 0 4 _aThe artist's manual :
_bthe definitive art sourcebook : media, materials, tools, and techniques /
_cconsultant editor, Rob Pepper.
264 1 _aLondon :
_bDorling Kindersley Limited,
_c2021.
300 _a311 pages :
_billustrations ;
_c24 cm
336 _atext
_2rdacontent
_btxt
336 _astill image
_2rdacontent
_btxt
337 _aunmediated
_2rdamedia
_bn
338 _avolume
_2rdacarrier
_bnc
500 _aIncludes index.
650 7 _aArt
_xTechnique.
_2BUEsh
653 _bART
_cMay2023
655 _vReading book
700 1 _aPepper, Rob,
_eeditor.
776 0 8 _iebook version :
_z9780241555484
942 _2ddc
_cBB
999 _c30357
_d30328